000
00330 a2200157 4500
001
192575
020
_a
978-0-521-75249-7
040
_c
Magnum
100
_a
Hallworth, Grace
240
1
0
_a
Sleep tight
_l
por
245
1
0
_a
Sleep tight
300
_a
24
362
0
_a
2004
697
_a
LITERATURA INFANTIL INGLESA
942
_c
BK
999
_c
192575
_d
192575